Central Library OPAC University of Rajshahi

Young people abroad / (Record no. 53484)

MARC details
000 -LEADER
fixed length control field 00603nam a2200217 a 4500
001 - CONTROL NUMBER
control field 53484
003 - CONTROL NUMBER IDENTIFIER
rucl marc code BD-RjUL
005 - DATE AND TIME OF LATEST TRANSACTION
control field 20211209075953.0
008 - FIXED-LENGTH DATA ELEMENTS--GENERAL INFORMATION
fixed length control field 161016t1961 enk 000 0 eng d
035 ## - SYSTEM CONTROL NUMBER
System control number (BD-RjUL)53605
040 ## - CATALOGING SOURCE
Original cataloging agency BUF
Transcribing agency BUF
Modifying agency UKM
-- BD-RjUL
Language of cataloging eng
041 ## - LANGUAGE CODE
Language code of text/sound track or separate title eng
082 04 - DEWEY DECIMAL CLASSIFICATION NUMBER
Classification number 370.1962
Edition number 18
Author mark and year WYY 1961
090 ## - LOCALLY ASSIGNED LC-TYPE CALL NUMBER (OCLC); LOCAL CALL NUMBER (OCLC)
Classification number (OCLC) (R) ; Classification number, CALL (RLIN) (NR) LB2376
Local cutter number (OCLC) ; Book number/undivided call number, CALL (RLIN) .W92
100 1# - MAIN ENTRY--PERSONAL NAME
Personal name Wyatt, Honor.
9 (RLIN) 159893
245 10 - TITLE STATEMENT
Title Young people abroad /
Statement of responsibility, etc. Honor Wyatt
260 ## - PUBLICATION, DISTRIBUTION, ETC. (IMPRINT)
Place of publication, distribution, etc. London ;
-- New York :
Name of publisher, distributor, etc. Hurst & Blackett,
Date of publication, distribution, etc. c1961.
300 ## - PHYSICAL DESCRIPTION
Pagination 139 p. ;
Size 19 cm.
650 #0 - SUBJECT ADDED ENTRY--TOPICAL TERM
Topical term or geographic name as entry element Student exchange programs.
9 (RLIN) 159894
942 ## - ADDED ENTRY ELEMENTS (KOHA)
Source of classification or shelving scheme Dewey Decimal Classification
Koha item type Books
Holdings
Lost status Source of classification or shelving scheme Damaged status Not for loan Collection code Permanent Location Current Location Shelving location Date acquired Source of acquisition Cost, normal purchase price Total Checkouts Full call number Date last seen Copy number Koha item type
  Dewey Decimal Classification     Non-fiction Central Library, University of Rajshahi Central Library, University of Rajshahi   01/04/1974 British National Book Centre 0.00   370.1962 WYY 1961 16/10/2016 C-2 Books